| 000 | 01905nam a2200433 i 4500 | ||
|---|---|---|---|
| 003 | EG-GICUC | ||
| 005 | 20260121101649.0 | ||
| 008 | 260105s1929 fr c|||fr|||| 001 0 fre d | ||
| 040 |
_aEG-GiCUC _bfre _cEG-GiCUC _dEG-GiCUC _eRda |
||
| 041 | _afre | ||
| 082 | 0 | 4 |
_221 _a341.1 _bRE |
| 092 | 0 | 4 | _221 |
| 099 | _aLaw1 11 341.1 RE 1929 | ||
| 245 | 0 | 0 |
_aRecueil Des Cours. _n1928, Tome 22. |
| 264 | 1 |
_aParis : _bHachette, _c1929. |
|
| 300 |
_a576 pages : _bportraits ; _c 24 cm. |
||
| 336 |
_2rda contenu _a texte |
||
| 337 |
_2rda medias _aOrdinateur |
||
| 338 |
_2 transporteur rda _a Ressource en ligne |
||
| 490 | 0 |
_aAcadémie de droit international ; _v1928, Tome 22. |
|
| 500 | _a1928 II | ||
| 500 | _aAt head of title: Académie de droit international. | ||
| 504 | _aIncludes bibliographical references and index. | ||
| 505 |
_aContient les cours de l'Académie y compris : _tLes servitudes internationales / _rpar G. Crusen -- _tLa codification du droit international en Amérique / _rpar F.-J. Urrutia -- _tÉvolution de la doctrine et de la pratique en matière de représailles / _rpar Yves de La Brière -- _tL'influence de la Révolution française sur le développement du droit international dans l'Europe orientale / _rpar B. Mirkine-Guetzêvitch -- _tLa terminaison et la dissolution des traités / _rpar Arnold D. McNair. |
||
| 546 | _aTexte en français | ||
| 650 | 1 | 4 |
_aReprisals _2qrmak |
| 650 | 1 | 4 |
_aWar (International law) _2qrmak |
| 650 | 1 | 4 |
_aTreaties _2qrmak |
| 651 | 1 | _2qrmak | |
| 700 | 1 |
_aCrusen, Georg, _eAuteur |
|
| 700 | 1 |
_aUrrutia, Francisco José, _eAuteur |
|
| 700 | 1 |
_aLa Brière, Yves de, _eAuteur |
|
| 700 | 1 |
_aMirkine-Guetzévitch, Boris, _eAuteur |
|
| 700 | 1 |
_aMcNair, Arnold Duncan McNair, _eAuteur |
|
| 710 | _aAcadémie De Droit International | ||
| 856 | 4 | 0 | _uhttps://fll.law.cu.edu.eg/fulltext/bks/B11-06783.pdf |
| 905 | _a75 | ||
| 942 |
_2ddc _n0 _cBK _e21 |
||
| 999 |
_c54636 _d54636 |
||